[Event "Gibraltar ChallWk1 11th "]
[Site "Gibraltar"]
[Date "2013.01.21"]
[Round "1.1"]
[White "Georgieva, Emilia"]
[Black "Scharrer, Patrick"]
[Result "0-1"]
[WhiteElo "1949"]
[BlackElo "2248"]
[PlyCount "52"]
[EventDate "2013.01.21"]
[EventType "swiss"]
[EventRounds "5"]
[EventCountry "GGB"]
[SourceTitle "BritBase"]
[Source "www.saund.co.uk"]
[SourceDate "2018.02.10"]
[SourceVersion "1"]
[SourceVersionDate "2018.02.10"]
[SourceQuality "1"]

1. d4 g6 2. Nf3 Bg7 3. c3 d6 4. Bf4 Nd7 5. Nbd2 e5 6. Bg3 Ne7 7. e4 O-O 8. h4
h6 9. Qb3 exd4 10. cxd4 a5 11. a4 Nc6 12. d5 Nb4 13. Rc1 Nc5 14. Rxc5 dxc5 15.
Bc4 Bg4 16. O-O Qe7 17. Nh2 Bd7 18. f4 c6 19. dxc6 Nxc6 20. f5 Nd4 21. Qxb7
gxf5 22. exf5 Qe3+ 23. Bf2 Qxd2 24. Bxf7+ Kh8 25. Bd5 Bxf5 26. g4 Rab8 0-1

[Event "Gibraltar ChallWk1 11th "]
[Site "Gibraltar"]
[Date "2013.01.21"]
[Round "1.2"]
[White "Olhovik, Andrei"]
[Black "Kandic, Milan"]
[Result "1/2-1/2"]
[WhiteElo "2246"]
[BlackElo "2090"]
[PlyCount "60"]
[EventDate "2013.01.21"]
[EventType "swiss"]
[EventRounds "5"]
[EventCountry "GGB"]
[SourceTitle "BritBase"]
[Source "www.saund.co.uk"]
[SourceDate "2018.02.10"]
[SourceVersion "1"]
[SourceVersionDate "2018.02.10"]
[SourceQuality "1"]

1. d4 d5 2. c4 e6 3. Nc3 Be7 4. cxd5 exd5 5. Bf4 c6 6. e3 Nf6 7. Bd3 O-O 8. Qc2
Nbd7 9. Nge2 Re8 10. Ng3 Nf8 11. Nf5 Bxf5 12. Bxf5 g6 13. Bh3 Bd6 14. Bxd6 Qxd6
15. O-O-O Ne6 16. g3 Ng5 17. Bg2 Nge4 18. Kb1 Nxc3+ 19. Qxc3 Rac8 20. Qc2 Re7
21. Rhe1 Rce8 22. Re2 Nh5 23. Rde1 f5 24. a3 Nf6 25. f3 Kg7 26. Qd3 Rd8 27. Qc3
Kf8 28. Qa5 a6 29. Qd2 Kg7 30. Qc3 Kf8 1/2-1/2

[Event "Gibraltar ChallWk1 11th "]
[Site "Gibraltar"]
[Date "2013.01.21"]
[Round "1.3"]
[White "Kozarcanin, Sead"]
[Black "Storey, Charles H"]
[Result "1-0"]
[WhiteElo "2090"]
[BlackElo "2245"]
[PlyCount "89"]
[EventDate "2013.01.21"]
[EventType "swiss"]
[EventRounds "5"]
[EventCountry "GGB"]
[SourceTitle "BritBase"]
[Source "www.saund.co.uk"]
[SourceDate "2018.02.10"]
[SourceVersion "1"]
[SourceVersionDate "2018.02.10"]
[SourceQuality "1"]

1. e4 g6 2. Ne2 c5 3. Nbc3 Bg7 4. g3 Nc6 5. Bg2 d6 6. O-O e6 7. h3 Nge7 8. d3
Nd4 9. g4 h5 10. g5 Qb6 11. Nxd4 cxd4 12. Ne2 Bd7 13. c3 dxc3 14. bxc3 Qa6 15.
Qd2 Bb5 16. Rd1 Ba4 17. Re1 O-O 18. Bb2 b5 19. Nf4 Rac8 20. Rac1 Rc5 21. h4
Rfc8 22. d4 R5c7 23. Bh3 Rf8 24. d5 e5 25. Nd3 Kh7 26. Ba3 f5 27. f3 fxe4 28.
fxe4 Rf3 29. Kg2 Rxh3 30. Kxh3 Nxd5 31. exd5 Rc4 32. Nf2 Qc8+ 33. Kg3 Rg4+ 34.
Nxg4 Qxg4+ 35. Kf2 b4 36. Bxb4 Qxh4+ 37. Kg1 Bd7 38. Bxd6 e4 39. Qf4 Bg4 40.
Rxe4 a5 41. a4 Kh8 42. Be5 Kh7 43. Bxg7 Qh3 44. Re3 Qh4 45. Bh6 1-0

[Event "Gibraltar ChallWk1 11th "]
[Site "Gibraltar"]
[Date "2013.01.21"]
[Round "1.4"]
[White "Dolzhikova, Olga"]
[Black "Lindsoe, Fredrik Aunan"]
[Result "1/2-1/2"]
[WhiteElo "2239"]
[BlackElo "2064"]
[PlyCount "82"]
[EventDate "2013.01.21"]
[EventType "swiss"]
[EventRounds "5"]
[EventCountry "GGB"]
[SourceTitle "BritBase"]
[Source "www.saund.co.uk"]
[SourceDate "2018.02.10"]
[SourceVersion "1"]
[SourceVersionDate "2018.02.10"]
[SourceQuality "1"]

1. e4 c5 2. c3 d6 3. d4 Nf6 4. Bd3 g6 5. Nf3 Bg7 6. O-O O-O 7. h3 Qc7 8. Bf4
Nh5 9. Bh2 e5 10. g4 Nf4 11. Bxf4 exf4 12. Qd2 Bh6 13. Na3 a6 14. Rad1 b5 15.
Rfe1 Be6 16. g5 Bg7 17. Qxf4 Bxh3 18. dxc5 Qxc5 19. Bc2 Be6 20. Bb3 Bxc3 21.
bxc3 Bxb3 22. axb3 Qxa3 23. Rxd6 Qxb3 24. Qf6 Qc4 25. Nh2 Qc8 26. Red1 Ra7 27.
Rd8 Rd7 28. R1xd7 Nxd7 29. Rxc8 Nxf6 30. Rxf8+ Kxf8 31. gxf6 a5 32. Nf3 a4 33.
Nd4 a3 34. Kf1 h5 35. Ke2 Ke8 36. Ke3 a2 37. Nb3 g5 38. f4 g4 39. f5 h4 40. Kf4
g3 41. Kf3 Kd8 1/2-1/2

[Event "Gibraltar ChallWk1 11th "]
[Site "Gibraltar"]
[Date "2013.01.21"]
[Round "1.5"]
[White "Vea, Odin Blikra"]
[Black "Corsino, Gianluca"]
[Result "1-0"]
[WhiteElo "2233"]
[BlackElo "2059"]
[PlyCount "53"]
[EventDate "2013.01.21"]
[EventType "swiss"]
[EventRounds "5"]
[EventCountry "GGB"]
[SourceTitle "BritBase"]
[Source "www.saund.co.uk"]
[SourceDate "2018.02.10"]
[SourceVersion "1"]
[SourceVersionDate "2018.02.10"]
[SourceQuality "1"]

1. e4 c5 2. Nf3 d6 3. Bb5+ Bd7 4. Bxd7+ Qxd7 5. O-O Nc6 6. c3 e6 7. d4 cxd4 8.
cxd4 Nge7 9. d5 exd5 10. exd5 Ne5 11. Nc3 N7g6 12. Nd4 Be7 13. f4 Ng4 14. h3
Nf6 15. Qd3 O-O 16. Nf5 Bd8 17. Be3 Ne7 18. Ng3 Re8 19. Bd4 Bb6 20. Bxb6 axb6
21. f5 Ra5 22. b4 Ra3 23. Qd4 Nexd5 24. Nxd5 Rxg3 25. Qxf6 Qc6 26. Qd4 Re5 27.
Qxe5 1-0

[Event "Gibraltar ChallWk1 11th "]
[Site "Gibraltar"]
[Date "2013.01.21"]
[Round "1.6"]
[White "Haddock, Paul"]
[Black "Nikolaidis, Konstantinos"]
[Result "0-1"]
[WhiteElo "1674"]
[BlackElo "2233"]
[PlyCount "40"]
[EventDate "2013.01.21"]
[EventType "swiss"]
[EventRounds "5"]
[EventCountry "GGB"]
[SourceTitle "BritBase"]
[Source "www.saund.co.uk"]
[SourceDate "2018.02.10"]
[SourceVersion "1"]
[SourceVersionDate "2018.02.10"]
[SourceQuality "1"]

1. e4 e5 2. Nf3 Nc6 3. Bc4 Bc5 4. d3 Nf6 5. O-O d6 6. h3 h6 7. Be3 Qe7 8. Bxc5
dxc5 9. Nc3 Na5 10. Nd5 Qd6 11. Nxf6+ Qxf6 12. Qe2 Bd7 13. a4 g5 14. Nh2 h5 15.
Qf3 Qg7 16. g4 Nxc4 17. dxc4 O-O-O 18. Kg2 hxg4 19. Nxg4 f5 20. exf5 Bc6 0-1

[Event "Gibraltar ChallWk1 11th "]
[Site "Gibraltar"]
[Date "2013.01.21"]
[Round "1.7"]
[White "Aerni, Andi"]
[Black "Zygouris, Hristos"]
[Result "0-1"]
[WhiteElo "2206"]
[BlackElo "2218"]
[PlyCount "70"]
[EventDate "2013.01.21"]
[EventType "swiss"]
[EventRounds "5"]
[EventCountry "GGB"]
[SourceTitle "BritBase"]
[Source "www.saund.co.uk"]
[SourceDate "2018.02.10"]
[SourceVersion "1"]
[SourceVersionDate "2018.02.10"]
[SourceQuality "1"]

1. e4 c5 2. c3 d5 3. exd5 Qxd5 4. d4 Nc6 5. Nf3 Bf5 6. Be3 Nf6 7. Na3 cxd4 8.
Nb5 Rc8 9. Nbxd4 Ng4 10. Nxf5 Qxf5 11. Bd3 Qd5 12. Qe2 Nxe3 13. fxe3 e6 14. Nd4
Be7 15. O-O O-O 16. Bc2 g6 17. Bb3 Qe4 18. Rf4 Qe5 19. Raf1 Na5 20. Qf3 Nxb3
21. axb3 Bg5 22. Re4 Qd5 23. c4 Qa5 24. Qg3 Bh6 25. Qh4 Qg5 26. Qf2 Rcd8 27. h4
Qa5 28. Qg3 Qd2 29. Nb5 Qd3 30. Nc3 Bg7 31. Rd1 Qc2 32. Rxd8 Rxd8 33. Rg4 Qxb2
34. Qc7 Bf6 35. Nd1 Rxd1+ 0-1

[Event "Gibraltar ChallWk1 11th "]
[Site "Gibraltar"]
[Date "2013.01.21"]
[Round "1.8"]
[White "Urbina Perez, Juan Antonio"]
[Black "Zanetti, Bruno"]
[Result "1-0"]
[WhiteElo "2214"]
[BlackElo "2030"]
[PlyCount "91"]
[EventDate "2013.01.21"]
[EventType "swiss"]
[EventRounds "5"]
[EventCountry "GGB"]
[SourceTitle "BritBase"]
[Source "www.saund.co.uk"]
[SourceDate "2018.02.10"]
[SourceVersion "1"]
[SourceVersionDate "2018.02.10"]
[SourceQuality "1"]

1. e4 c5 2. Nf3 Nc6 3. Bb5 a6 4. Bxc6 bxc6 5. O-O d5 6. Qe2 e6 7. b3 Nf6 8. d3
Be7 9. Bb2 O-O 10. Nbd2 a5 11. a4 Ba6 12. Ne5 Qc7 13. f4 Nd7 14. Qg4 Nf6 15.
Qf3 Nd7 16. Nxd7 Qxd7 17. e5 f5 18. exf6 Bxf6 19. Bxf6 Rxf6 20. Qe3 Qd6 21.
Rae1 Raf8 22. g3 h6 23. Qe5 Qd8 24. Kg2 Qb6 25. Qd6 Bc8 26. Nf3 Qb4 27. d4 cxd4
28. Qxb4 axb4 29. Nxd4 c5 30. Nf3 Ba6 31. Rf2 g5 32. Ne5 Bc8 33. Ng4 Rg6 34.
fxg5 Rxf2+ 35. Nxf2 Rxg5 36. Nd3 d4 37. Re5 Bb7+ 38. Kf2 Rxe5 39. Nxe5 Be4 40.
Nd3 c4 41. Nxb4 d3 42. Na2 d2 43. Ke2 Bxc2 44. Kxd2 cxb3 45. Nb4 e5 46. Nxc2
1-0

[Event "Gibraltar ChallWk1 11th "]
[Site "Gibraltar"]
[Date "2013.01.21"]
[Round "1.9"]
[White "Hamer, Martyn"]
[Black "Sanchez Castillo, Sarai"]
[Result "0-1"]
[WhiteElo "2025"]
[BlackElo "2212"]
[PlyCount "116"]
[EventDate "2013.01.21"]
[EventType "swiss"]
[EventRounds "5"]
[EventCountry "GGB"]
[SourceTitle "BritBase"]
[Source "www.saund.co.uk"]
[SourceDate "2018.02.10"]
[SourceVersion "1"]
[SourceVersionDate "2018.02.10"]
[SourceQuality "1"]

1. Nf3 d5 2. d4 c6 3. c4 Nf6 4. Qc2 dxc4 5. Qxc4 Bf5 6. g3 e6 7. Bg2 h6 8. O-O
Nbd7 9. Nc3 Be7 10. Qb3 Qb6 11. Nd2 a5 12. e4 Bh7 13. d5 Qxb3 14. Nxb3 O-O 15.
dxc6 bxc6 16. f3 a4 17. Nd4 Bc5 18. Be3 Rfb8 19. Rab1 Ne5 20. Nc2 Bf8 21. Bf4
Nfd7 22. Rfd1 g5 23. Be3 Nc5 24. Nd4 Nc4 25. Bc1 e5 26. Nxc6 Rb6 27. Bf1 Rxc6
28. Bxc4 Nxe4 29. Bxf7+ Kxf7 30. fxe4 Bc5+ 31. Kf1 Bd4 32. a3 Ke6 33. Ke2 Rf8
34. Be3 Bxc3 35. bxc3 Bxe4 36. Rf1 Rxf1 37. Rxf1 Rxc3 38. Ra1 Kd5 39. Rd1+ Kc4
40. Rc1 Bc2 41. Bd2 e4 42. Bxc3 Kxc3 43. Ke3 Kb2 44. Rf1 Kxa3 45. Rf6 Kb4 46.
Rxh6 a3 47. Rb6+ Kc3 48. Ra6 Kb2 49. Rb6+ Bb3 50. Kxe4 a2 51. Ra6 g4 52. Kf4
Bd1 53. Rb6+ Ka3 54. Ra6+ Ba4 55. Kxg4 a1=Q 56. Rg6 Qd4+ 57. Kg5 Qe5+ 58. Kh4
Qh8+ 0-1

[Event "Gibraltar ChallWk1 11th "]
[Site "Gibraltar"]
[Date "2013.01.21"]
[Round "1.10"]
[White "O'Toole, George E"]
[Black "Bryn, Askild"]
[Result "1-0"]
[WhiteElo "2204"]
[BlackElo "2019"]
[PlyCount "67"]
[EventDate "2013.01.21"]
[EventType "swiss"]
[EventRounds "5"]
[EventCountry "GGB"]
[SourceTitle "BritBase"]
[Source "www.saund.co.uk"]
[SourceDate "2018.02.10"]
[SourceVersion "1"]
[SourceVersionDate "2018.02.10"]
[SourceQuality "1"]

1. e4 d6 2. d4 Nd7 3. Nf3 e5 4. Nc3 Be7 5. g4 exd4 6. Nxd4 Ne5 7. Be2 Ng6 8.
Be3 Bg5 9. Qd2 h6 10. Nf5 Bf6 11. O-O-O N8e7 12. Nxe7 Nxe7 13. f4 Nc6 14. Nd5
Be6 15. Bf3 a5 16. Rhe1 g5 17. Nxf6+ Qxf6 18. e5 dxe5 19. Bxc6+ bxc6 20. fxg5
Qg6 21. Qc3 O-O 22. Qxe5 Bxg4 23. Rd2 Rfe8 24. Qg3 h5 25. h3 Bf5 26. Qxc7 Qe6
27. Rde2 Qxa2 28. Bd4 Qa1+ 29. Kd2 Rxe2+ 30. Rxe2 Qa4 31. Qe5 Qxc2+ 32. Ke1
Qc1+ 33. Kf2 f6 34. Qxf5 1-0

[Event "Gibraltar ChallWk1 11th "]
[Site "Gibraltar"]
[Date "2013.01.21"]
[Round "1.11"]
[White "Ungureanu, Sandu"]
[Black "Sanchez Botella, Luis Javier"]
[Result "0-1"]
[WhiteElo "2019"]
[BlackElo "2196"]
[PlyCount "112"]
[EventDate "2013.01.21"]
[EventType "swiss"]
[EventRounds "5"]
[EventCountry "GGB"]
[SourceTitle "BritBase"]
[Source "www.saund.co.uk"]
[SourceDate "2018.02.10"]
[SourceVersion "1"]
[SourceVersionDate "2018.02.10"]
[SourceQuality "1"]

1. c4 e5 2. Nc3 Nc6 3. g3 Nf6 4. Bg2 Be7 5. e4 O-O 6. Nge2 d6 7. O-O Be6 8. b3
Qd7 9. d4 exd4 10. Nxd4 Bh3 11. Nxc6 bxc6 12. Bb2 Rfe8 13. Qd3 Qg4 14. f3 Qh5
15. Ne2 Bxg2 16. Kxg2 Nd7 17. Rad1 Bf6 18. Bxf6 Nxf6 19. h4 a5 20. Qd4 a4 21.
b4 Qe5 22. Qxe5 Rxe5 23. Nd4 c5 24. Nc6 Re6 25. b5 Nd7 26. a3 Nb6 27. Rc1 g6
28. Kf2 Kg7 29. Rfe1 Rae8 30. Na5 h5 31. Ke2 f5 32. Kd3 Nd7 33. Nc6 Nf6 34. Re3
fxe4+ 35. fxe4 Ng4 36. Re2 Rxe4 37. Rce1 Rxe2 38. Rxe2 Rxe2 39. Kxe2 Ne5 40.
Na5 Kf6 41. Kd2 Kf5 42. Kc3 Kg4 43. Nb7 Nf7 44. Kd3 Kxg3 45. Ke4 Kxh4 46. Kd5
g5 47. Ke6 g4 48. Kxf7 g3 49. Nxd6 g2 50. Ne8 g1=Q 51. Nxc7 Qf1+ 52. Ke7 Qxc4
53. Kd6 Qd4+ 54. Kc6 c4 55. b6 c3 56. b7 c2 0-1

[Event "Gibraltar ChallWk1 11th "]
[Site "Gibraltar"]
[Date "2013.01.21"]
[Round "1.12"]
[White "Elishev, Ivan"]
[Black "Reppen, Ellisiv"]
[Result "1-0"]
[WhiteElo "2185"]
[BlackElo "2005"]
[PlyCount "85"]
[EventDate "2013.01.21"]
[EventType "swiss"]
[EventRounds "5"]
[EventCountry "GGB"]
[SourceTitle "BritBase"]
[Source "www.saund.co.uk"]
[SourceDate "2018.02.10"]
[SourceVersion "1"]
[SourceVersionDate "2018.02.10"]
[SourceQuality "1"]

1. e4 e5 2. Nf3 Nc6 3. Bc4 Bc5 4. b4 Bb6 5. O-O Nf6 6. a4 a6 7. d3 d6 8. c3 O-O
9. Bg5 h6 10. Bh4 Be6 11. Nbd2 Qe7 12. Bd5 g5 13. Nxg5 Bg4 14. Ngf3 Nd8 15. Nc4
Ba7 16. Ne3 Bd7 17. h3 c6 18. Bb3 Be6 19. Bc2 Kh8 20. Nh2 Rg8 21. Qf3 Rg6 22.
Nhg4 Bxg4 23. Nxg4 Kg7 24. Nxf6 Rxf6 25. Bxf6+ Qxf6 26. Qxf6+ Kxf6 27. g3 Ne6
28. Bb3 Ng5 29. Kg2 Rg8 30. f4 exf4 31. Rxf4+ Ke7 32. h4 Ne6 33. Bxe6 fxe6 34.
Raf1 Rg7 35. d4 c5 36. bxc5 dxc5 37. e5 cxd4 38. cxd4 h5 39. Kf3 Kd7 40. Rc1 b5
41. axb5 axb5 42. Rf6 Bb6 43. d5 1-0

[Event "Gibraltar ChallWk1 11th "]
[Site "Gibraltar"]
[Date "2013.01.21"]
[Round "1.13"]
[White "Gromovs, Sergejs"]
[Black "Taus, Martin"]
[Result "1-0"]
[WhiteElo "2001"]
[BlackElo "2181"]
[PlyCount "87"]
[EventDate "2013.01.21"]
[EventType "swiss"]
[EventRounds "5"]
[EventCountry "GGB"]
[SourceTitle "BritBase"]
[Source "www.saund.co.uk"]
[SourceDate "2018.02.10"]
[SourceVersion "1"]
[SourceVersionDate "2018.02.10"]
[SourceQuality "1"]

1. d4 Nf6 2. c4 c5 3. d5 b5 4. cxb5 a6 5. Nc3 axb5 6. e4 b4 7. Nb5 d6 8. Bf4
Nxe4 9. Bc4 g5 10. Bc1 Bg7 11. Qe2 Nf6 12. Bxg5 O-O 13. Nf3 Nbd7 14. O-O Nb6
15. Bxf6 exf6 16. a3 Re8 17. Qc2 Nxc4 18. Qxc4 Ba6 19. a4 f5 20. Qf4 Bxb2 21.
Rab1 Qf6 22. Nxd6 Red8 23. Nc4 Bc3 24. Rfd1 Bxc4 25. Qxc4 Rxa4 26. Qxc5 Ra6 27.
g3 Rad6 28. Rd3 f4 29. Rbd1 Qf5 30. Qc4 Qh5 31. Qe4 fxg3 32. fxg3 f5 33. Qf4
Qf7 34. Ng5 Qa7+ 35. Kh1 Rf6 36. Ne6 Rxe6 37. Qg5+ Rg6 38. Qxd8+ Kg7 39. Rf1
Bf6 40. Qc8 Qe7 41. Qxf5 Rh6 42. Qg4+ Kh8 43. Qe6 Qb7 44. Rxf6 1-0

[Event "Gibraltar ChallWk1 11th "]
[Site "Gibraltar"]
[Date "2013.01.21"]
[Round "1.14"]
[White "Jaunooby, Ali R"]
[Black "Rios Gonzalez, Jose Antonio"]
[Result "1-0"]
[WhiteElo "2178"]
[BlackElo "1990"]
[PlyCount "63"]
[EventDate "2013.01.21"]
[EventType "swiss"]
[EventRounds "5"]
[EventCountry "GGB"]
[SourceTitle "BritBase"]
[Source "www.saund.co.uk"]
[SourceDate "2018.02.10"]
[SourceVersion "1"]
[SourceVersionDate "2018.02.10"]
[SourceQuality "1"]

1. d4 d5 2. Nf3 Nf6 3. c4 c6 4. Qc2 e6 5. Bg5 Nbd7 6. e3 Be7 7. Nc3 O-O 8.
O-O-O a6 9. e4 dxc4 10. Bxc4 b5 11. Bd3 g6 12. h4 Bb7 13. h5 Nxh5 14. Bh6 Re8
15. e5 Ng7 16. Qd2 Nf8 17. Bxg7 Kxg7 18. Qh6+ Kg8 19. Ne4 f5 20. exf6 Bxf6 21.
Nc5 Qe7 22. Rde1 Rad8 23. Bc2 Bc8 24. Nd3 Rxd4 25. Nde5 Rc4 26. Nxc4 bxc4 27.
Qf4 c3 28. Kb1 cxb2 29. Ne5 Bg7 30. Nxc6 Qb7 31. Be4 Qb6 32. Qd6 {No further
moves were recorded} 1-0

[Event "Gibraltar ChallWk1 11th "]
[Site "Gibraltar"]
[Date "2013.01.21"]
[Round "1.15"]
[White "Suez-Panama, Gilles"]
[Black "Smith, Andrew Philip"]
[Result "0-1"]
[WhiteElo "1989"]
[BlackElo "2175"]
[PlyCount "100"]
[EventDate "2013.01.21"]
[EventType "swiss"]
[EventRounds "5"]
[EventCountry "GGB"]
[SourceTitle "BritBase"]
[Source "www.saund.co.uk"]
[SourceDate "2018.02.10"]
[SourceVersion "1"]
[SourceVersionDate "2018.02.10"]
[SourceQuality "1"]

1. d4 Nf6 2. Nf3 c5 3. d5 e6 4. c4 exd5 5. cxd5 d6 6. Nc3 g6 7. g3 Bg7 8. Bg2
O-O 9. O-O Re8 10. Nd2 Nbd7 11. h3 a6 12. a4 Rb8 13. Nc4 Ne5 14. Na3 Nh5 15.
Ne4 b5 16. axb5 axb5 17. Bg5 f6 18. Bd2 f5 19. Ng5 b4 20. Nb1 Nc4 21. Ra7 Re7
22. Ne6 Bxe6 23. Rxe7 Qxe7 24. dxe6 Nxb2 25. Qb3 c4 26. Qe3 c3 27. Bc1 Nc4 28.
Qd3 Ne5 29. Qd5 Nf6 30. Qb3 Qc7 31. e7+ Qc4 32. Qa4 Qe6 33. Qa7 Ned7 34. Bg5
Qxe7 35. Bd5+ Kf8 36. Bb3 h6 37. Bf4 g5 38. Be3 Ne4 39. Rc1 Rd8 40. Kg2 Ndc5
41. Qa2 Nxb3 42. Qxb3 Qb7 43. f3 Nc5 44. Bxc5 dxc5 45. Nxc3 Qe7 46. Qc2 Bxc3
47. Qxf5+ Kg7 48. e4 Rd2+ 49. Kf1 Qf7 50. Qxf7+ Kxf7 0-1

[Event "Gibraltar ChallWk1 11th "]
[Site "Gibraltar"]
[Date "2013.01.21"]
[Round "1.16"]
[White "Byron, Alan M"]
[Black "Campos Calvo-Sotelo, Juan"]
[Result "1-0"]
[WhiteElo "2167"]
[BlackElo "1978"]
[PlyCount "75"]
[EventDate "2013.01.21"]
[EventType "swiss"]
[EventRounds "5"]
[EventCountry "GGB"]
[SourceTitle "BritBase"]
[Source "www.saund.co.uk"]
[SourceDate "2018.02.10"]
[SourceVersion "1"]
[SourceVersionDate "2018.02.10"]
[SourceQuality "1"]

1. e4 e6 2. d4 a6 3. Nf3 b5 4. Bd3 c5 5. c3 Bb7 6. O-O Nf6 7. Re1 Be7 8. Bg5
Qb6 9. Nbd2 h6 10. Bxf6 gxf6 11. d5 c4 12. Bc2 Bc5 13. Qe2 e5 14. Nh4 d6 15.
Nf5 Nd7 16. Rf1 h5 17. Ng7+ Kd8 18. Nf5 Kc7 19. b4 cxb3 20. axb3 Qa7 21. b4 Bb6
22. Bd3 Qb8 23. c4 Qg8 24. cxb5 Bd4 25. Rfc1+ Kd8 26. bxa6 Bc8 27. Ra2 Nb6 28.
Nxd4 exd4 29. Rc6 Nd7 30. f4 h4 31. Nf3 Rh6 32. Nxd4 Nb8 33. Rxc8+ Kxc8 34. Nf5
Qf8 35. Rc2+ Kd8 36. Bb5 Rg6 37. Qc4 Nxa6 38. Bxa6 1-0

[Event "Gibraltar ChallWk1 11th "]
[Site "Gibraltar"]
[Date "2013.01.21"]
[Round "1.17"]
[White "Onabogun, Kolade"]
[Black "Vinas Guerrero, Carlos A"]
[Result "1/2-1/2"]
[WhiteElo "1978"]
[BlackElo "2167"]
[PlyCount "72"]
[EventDate "2013.01.21"]
[EventType "swiss"]
[EventRounds "5"]
[EventCountry "GGB"]
[SourceTitle "BritBase"]
[Source "www.saund.co.uk"]
[SourceDate "2018.02.10"]
[SourceVersion "1"]
[SourceVersionDate "2018.02.10"]
[SourceQuality "1"]

1. e4 e5 2. Nf3 Nc6 3. Bb5 f5 4. d3 fxe4 5. dxe4 Nf6 6. O-O Bc5 7. Nc3 d6 8.
Bg5 h6 9. Bh4 O-O 10. Na4 Bb6 11. Nxb6 axb6 12. Bc4+ Kh8 13. Nd2 Qe8 14. Re1
Nd4 15. c3 Ne6 16. Bg3 Nh5 17. Nf1 Nef4 18. Ne3 Be6 19. Bf1 Qa4 20. Nd5 Qxd1
21. Rexd1 Nxd5 22. exd5 Nxg3 23. hxg3 Bf5 24. Rd2 Ra5 25. a3 Be4 26. Rad1 g5
27. f3 Bg6 28. Re1 Bf7 29. c4 Kg7 30. Kf2 Bg6 31. Ke3 Ra4 32. Ra1 Kf6 33. b3
Ra5 34. a4 Raa8 35. Be2 Rf7 36. Bd3 Bxd3 1/2-1/2

[Event "Gibraltar ChallWk1 11th "]
[Site "Gibraltar"]
[Date "2013.01.21"]
[Round "1.18"]
[White "Allor, Chukwuka"]
[Black "Obiamiwe, Paul"]
[Result "1-0"]
[WhiteElo "2154"]
[BlackElo "1973"]
[PlyCount "51"]
[EventDate "2013.01.21"]
[EventType "swiss"]
[EventRounds "5"]
[EventCountry "GGB"]
[SourceTitle "BritBase"]
[Source "www.saund.co.uk"]
[SourceDate "2018.02.10"]
[SourceVersion "1"]
[SourceVersionDate "2018.02.10"]
[SourceQuality "1"]

1. e4 e5 2. Nf3 Nc6 3. d4 exd4 4. Nxd4 Nf6 5. Nxc6 bxc6 6. e5 Qe7 7. Qe2 Nd5 8.
c4 Ba6 9. b3 g6 10. f4 Bg7 11. Qe4 Nb4 12. a3 d5 13. Qe2 O-O 14. axb4 Qxb4+ 15.
Nd2 Qb7 16. Qe3 f6 17. e6 Rfe8 18. f5 gxf5 19. Bd3 d4 20. Qe2 c5 21. O-O Qb6
22. Bxf5 Bb7 23. Qh5 h6 24. Qf7+ Kh8 25. e7 Qd6 26. Re1 1-0

[Event "Gibraltar ChallWk1 11th "]
[Site "Gibraltar"]
[Date "2013.01.21"]
[Round "1.19"]
[White "Hermes, Geoff R"]
[Black "Burrows, Martin P"]
[Result "0-1"]
[WhiteElo "1968"]
[BlackElo "2153"]
[PlyCount "96"]
[EventDate "2013.01.21"]
[EventType "swiss"]
[EventRounds "5"]
[EventCountry "GGB"]
[SourceTitle "BritBase"]
[Source "www.saund.co.uk"]
[SourceDate "2018.02.10"]
[SourceVersion "1"]
[SourceVersionDate "2018.02.10"]
[SourceQuality "1"]

1. e4 e6 2. d4 d5 3. e5 c5 4. c3 Nc6 5. Nf3 Bd7 6. Na3 f6 7. Nc2 fxe5 8. dxe5
Qc7 9. Bf4 O-O-O 10. Be2 Nh6 11. O-O Nf7 12. Re1 Nfxe5 13. Nxe5 Nxe5 14. Bxe5
Qxe5 15. Bb5 Qc7 16. Bxd7+ Qxd7 17. Qe2 Re8 18. b4 Bd6 19. bxc5 Bxc5 20. c4
Rhf8 21. Rf1 Kb8 22. Rab1 Rf4 23. cxd5 exd5 24. Qd2 Ref8 25. Nb4 Bxb4 26. Rxb4
Rxb4 27. Qxb4 Rc8 28. Qd2 d4 29. h3 a6 30. Rd1 Rd8 31. Qd3 g6 32. Qg3+ Ka8 33.
Qd3 Qa4 34. Rd2 Qd7 35. Kh2 Qd6+ 36. Kg1 Qd5 37. Kh2 b5 38. Kg1 Kb7 39. Rc2 Re8
40. Qg3 Re1+ 41. Kh2 Qe5 42. f4 Qe3 43. Qg4 Kb6 44. Qg5 Ka5 45. Qd8+ Ka4 46.
Qd6 a5 47. Qc7 Rf1 48. Rb2 Qxf4+ 0-1

[Event "Gibraltar ChallWk1 11th "]
[Site "Gibraltar"]
[Date "2013.01.21"]
[Round "1.20"]
[White "Kvisla, Johannes Luangtep"]
[Black "Brown, David"]
[Result "1-0"]
[WhiteElo "2148"]
[BlackElo "1967"]
[PlyCount "49"]
[EventDate "2013.01.21"]
[EventType "swiss"]
[EventRounds "5"]
[EventCountry "GGB"]
[SourceTitle "BritBase"]
[Source "www.saund.co.uk"]
[SourceDate "2018.02.10"]
[SourceVersion "1"]
[SourceVersionDate "2018.02.10"]
[SourceQuality "1"]

1. d4 d5 2. Nf3 Nf6 3. c4 e6 4. g3 Be7 5. Bg2 O-O 6. O-O b6 7. cxd5 exd5 8. Nc3
Bb7 9. Bf4 Nbd7 10. Rc1 Ne8 11. Qb3 Ndf6 12. Ne5 c6 13. e4 Nc7 14. Nxc6 Bxc6
15. Bxc7 Qxc7 16. exd5 Bb7 17. d6 Qxd6 18. Bxb7 Rab8 19. Nb5 Qd8 20. Bg2 Re8
21. Nxa7 Qd6 22. Nc6 Rbc8 23. Nxe7+ Qxe7 24. Rxc8 Rxc8 25. Qxb6 1-0

[Event "Gibraltar ChallWk1 11th "]
[Site "Gibraltar"]
[Date "2013.01.21"]
[Round "1.21"]
[White "Nwachukwu, Chino"]
[Black "Jameson, David"]
[Result "0-1"]
[WhiteElo "1962"]
[BlackElo "2143"]
[PlyCount "114"]
[EventDate "2013.01.21"]
[EventType "swiss"]
[EventRounds "5"]
[EventCountry "GGB"]
[SourceTitle "BritBase"]
[Source "www.saund.co.uk"]
[SourceDate "2018.02.10"]
[SourceVersion "1"]
[SourceVersionDate "2018.02.10"]
[SourceQuality "1"]

1. e4 e5 2. Nf3 Nc6 3. Bb5 a6 4. Ba4 Nf6 5. O-O Nxe4 6. Re1 Nc5 7. Bxc6 dxc6 8.
Nxe5 Be7 9. d4 Ne6 10. c3 O-O 11. Nd2 c5 12. Ndf3 cxd4 13. cxd4 Qd5 14. a3 b6
15. Be3 Bb7 16. Qc2 Rad8 17. Rac1 Bd6 18. h4 b5 19. Red1 Rc8 20. Nd7 Rfe8 21.
Nc5 Ba8 22. Nxa6 Qh5 23. Qe2 Nf4 24. Qf1 Nxg2 25. d5 Rxe3 26. fxe3 Nxe3 27. Qh3
Bb7 28. Rd3 Qg6+ 29. Ng5 Qxd3 30. Re1 Bxa6 31. b4 Nf5 32. Qxd3 g6 33. h5 Bf4
34. hxg6 hxg6 35. Ne4 Rd8 36. Rf1 Be5 37. Ng5 Bd4+ 38. Kh1 Bb7 39. Rxf5 gxf5
40. Qxf5 Bxd5+ 41. Kh2 Kg7 42. Kg3 Rd6 43. Ne4 Rg6+ 44. Kf4 c6 45. Qh3 f6 46.
Qd7+ Kh6 47. Nd6 Be5+ 48. Ke3 Rg3+ 49. Kf2 Rxa3 50. Nf5+ Kg5 51. Ne7 Be4 52.
Nxc6 Bg3+ 53. Ke2 Bf3+ 54. Kd2 Bf4+ 55. Kc2 Re3 56. Qg7+ Kf5 57. Qh7+ Ke6 0-1